000
00253nam a2200109 a 4500
005
20141022142003.0
008
120307s19uu xx 00 eng d
050
_a
DVD
_b
H89 2007
245
_a
Guide to basic baby care.
260
_c
2007.
942
_c
AVM
999
_c
276360
_d
276360